000
00232nam a22000977a 4500
082
_a
338.9724PRO.
245
_a
Problems of economic management on the government.
260
_b
Budapest.
_c
1968.
300
_a
237p.
_b
23cm.
942
_c
BK
999
_c
13946
_d
13946